000 00449nam a22001697a 4500
005 20180810145457.0
008 160503b xxu||||| |||| 00| 0 eng d
020 _a810242-0169-2
041 _aeng
082 _b1170
_a658.3
100 _aArmstrong, michael and murlis, Helen
_94767
245 _aTHE ART OF H.R.D: Reward Management (VOL-9)
260 _bCrest Publishing house
_c2001
300 _a689p,
650 _aManagement
_9241
942 _cBK
999 _c463
_d463